| 000 | 003820000a22001570004500 | ||
|---|---|---|---|
| 020 | _a8120403886 | ||
| 060 | _a100 | ||
| 082 | _a631.53 CHO | ||
| 100 | _aChopra, V L | ||
| 245 | _aPlant breeding: theory and practice | ||
| 260 | _aNewdelhi, Oxford & IBH publishing co. pvt. ltd | ||
| 260 | _c1989 | ||
| 300 | _a467 | ||
| 650 | _aPlant biology/mutation breeding | ||
| 942 | _cBK | ||
| 999 |
_c354349 _d354349 |
||